Finite Element Analysis in mechanical design using ANSYS (Record no. 321376)

000 -LEADER
fixed length control field 00486 a2200133 4500
001 - CONTROL NUMBER
control field 86303
082 ## - DEWEY DECIMAL CLASSIFICATION NUMBER
Classification number 620.0015 TAB
090 ## - LOCALLY ASSIGNED LC-TYPE CALL NUMBER (OCLC); LOCAL CALL NUMBER (RLIN)
-- 40568
-- 40568
100 ## - MAIN ENTRY--PERSONAL NAME
Personal name Wael Abd El-Monem Al-Tabey
245 ## - TITLE STATEMENT
Title Finite Element Analysis in mechanical design using ANSYS
Medium English
Remainder of title Finite Element Analysis (FEA) handbook for mechanical engineers with ANSYS tutorials
260 ## - PUBLICATION, DISTRIBUTION, ETC.
Place of publication, distribution, etc. UK
Name of publisher, distributor, etc. LAP Lambart Academic Publishing
Date of publication, distribution, etc. 2012
300 ## - PHYSICAL DESCRIPTION
Extent xvi, 710 p
Other physical details photocopy
500 ## - GENERAL NOTE
General note BE textbook Aerospace
942 ## - ADDED ENTRY ELEMENTS (KOHA)
Institution code [OBSOLETE] NUST-CAE
Call number prefix 620.0015 TAB
Holdings
Withdrawn status Lost status Damaged status Not for loan Collection code Permanent Location Current Location Date acquired Total Checkouts Full call number Barcode Date last seen Price effective from Koha item type
          College of Aeronautical Engineering (CAE) College of Aeronautical Engineering (CAE) 04/03/2017   620.0015 TAB CAE85328 04/05/2017 04/05/2017 Book
© 2023 Central Library, National University of Sciences and Technology. All Rights Reserved.